En torno a la poesía de Luis Cernuda /

Bibliographic Details
Main Author: Curry, Richard K.
Format: Book
Language:Spanish
Published: Madrid : Pliegos, [1985?]
Series:Pliegos de ensayo ; 8.
Subjects:

MARC

Tag First Indicator Second Indicator Subfields
LEADER 00000cam a2200000 a 4500
001 in00000007482
005 20151005080030.0
008 860513s1985 sp a b 001 0 spa
010 |a  87137409  
019 |a 66896521 
020 |z 84862140902 
035 |a (OCoLC)ocm13564421 
035 |a (OCoLC)13564421 
035 |9 AAA1977AM 
035 |a (OCoLC)13564421  |z (OCoLC)66896521 
040 |a DLC  |c DLC  |d GZM  |d GZQ  |d MUQ  |d NLGGC  |d UBY  |d EYM  |d TXA  |d UtOrBLW 
049 |a TXAM 
050 0 0 |a PQ6605.E7  |b Z625 1985 
082 0 4 |a 868.6  |b C335zC93 
084 |a 18.32  |2 bcl 
100 1 |a Curry, Richard K. 
245 1 0 |a En torno a la poesía de Luis Cernuda /  |c Richard K. Curry. 
264 1 |a Madrid :  |b Pliegos,  |c [1985?] 
300 |a 186 pages :  |b illustrations ;  |c 20 cm. 
336 |a text  |b txt  |2 rdacontent 
337 |a unmediated  |b n  |2 rdamedia 
338 |a volume  |b nc  |2 rdacarrier 
490 1 |a Pliegos de ensayo ;  |v 8 
504 |a Bibliography: pages [153]-182. 
500 |a Includes index. 
530 |a Also issued online. 
600 1 0 |a Cernuda, Luis  |x Criticism and interpretation. 
600 1 6 |a Cernuda, Luis,  |d 1902- 
650 1 7 |a Spaans.  |2 gtt 
650 1 7 |a Gedichten.  |2 gtt 
776 0 8 |i Online version:  |a Curry, Richard K.  |t En torno a la poesía de Luis Cernuda.  |d Madrid : Pliegos, [1985?]  |w (OCoLC)568385478 
830 0 |a Pliegos de ensayo ;  |v 8. 
994 |a C0  |b TXA 
999 |a MARS 
999 f f |s bc0c72d0-3ed3-3a10-a3b0-8f9756d29c64  |i 8004d481-843f-3956-aeab-11f478305959  |t 0 
952 f f |p normal  |a Texas A&M University  |b College Station  |c Sterling C. Evans Library  |d Evans: Library Stacks  |t 0  |e PQ6605.E7 Z625 1985  |h Library of Congress classification  |i unmediated -- volume  |m A14839247369 
998 f f |a PQ6605.E7 Z625 1985  |t 0  |l Evans: Library Stacks